000 00318nam a2200121Ia 4500
008 240731s9999 xx 000 0 und d
022 _a1568-0258
245 0 _aPerspectives on European Politics and Society
260 _bRoutledge
856 _uhttps://www.tandfonline.com/loi/rpep20
942 _2ddc
942 _cTFEJ
999 _c78903
_d78903
945 _a1
_bMadushi Gamage
_c1
_dMadushi Gamage